Principles of materials science and engineering (Record no. 65224)

000 -LEADER
fixed length control field 00472nam a22001817a 4500
003 - CONTROL NUMBER IDENTIFIER
control field NUST - PNEC
005 - DATE AND TIME OF LATEST TRANSACTION
control field 20170116180910.0
008 - FIXED-LENGTH DATA ELEMENTS--GENERAL INFORMATION
fixed length control field 150903b xxu||||| |||| 00| 0 eng d
020 ## - INTERNATIONAL STANDARD BOOK NUMBER
International Standard Book Number 0070585210
020 ## - INTERNATIONAL STANDARD BOOK NUMBER
International Standard Book Number 0070591695
040 ## - CATALOGING SOURCE
Transcribing agency LIBRARY
082 ## - DEWEY DECIMAL CLASSIFICATION NUMBER
Classification number 620.11 SMI
100 ## - MAIN ENTRY--PERSONAL NAME
9 (RLIN) 6941
Personal name Smith, William F
245 ## - TITLE STATEMENT
Title Principles of materials science and engineering
Statement of responsibility, etc. William F,Smith
260 ## - PUBLICATION, DISTRIBUTION, ETC.
Date of publication, distribution, etc. c 1986
650 ## - SUBJECT ADDED ENTRY--TOPICAL TERM
9 (RLIN) 6943
Topical term or geographic name entry element Materials
General subdivision EE/ME
942 ## - ADDED ENTRY ELEMENTS (KOHA)
Source of classification or shelving scheme
Koha item type Book
Holdings
Withdrawn status Lost status Source of classification or shelving scheme Damaged status Not for loan Permanent Location Current Location Shelving location Date acquired Total Checkouts Full call number Barcode Date last seen Price effective from Koha item type Date last checked out
          Pakistan Navy Engineering College (PNEC) Pakistan Navy Engineering College (PNEC)       620.11 SMI PNECLIB-014065 09/03/2015   Book  
          Pakistan Navy Engineering College (PNEC) Pakistan Navy Engineering College (PNEC)     5 620.11 SMI PNECLIB-010844 05/16/2016   Book 03/29/2016
          Pakistan Navy Engineering College (PNEC) Pakistan Navy Engineering College (PNEC)       620.11 SMI PNECLIB-013777 10/26/2015   Book  
          Pakistan Navy Engineering College (PNEC) Pakistan Navy Engineering College (PNEC)       620.11 SMI PNECLIB-015500 11/11/2015   Book  
          Pakistan Navy Engineering College (PNEC) Pakistan Navy Engineering College (PNEC)       620.11 SMI PNECLIB-013511 01/07/2016   Book  
© 2023 Central Library, National University of Sciences and Technology. All Rights Reserved.